000
00164nam a22000857a 4500
082
_a
823
100
_a
SATHEESAN
245
_a
FOLK TALES FROM UTTAR PRADESH
942
_c
BK
999
_c
8214
_d
8214